Flight to prime assets will be extenuated as markets go into reverse (Record no. 83411)

MARC details
000 -LEADER
fixed length control field 01116cab a22001935a 4500
001 - CONTROL NUMBER
control field L153897
008 - FIXED-LENGTH DATA ELEMENTS--GENERAL INFORMATION
fixed length control field 110919s2011 xxk 000 0 eng d
035 ## - SYSTEM CONTROL NUMBER
System control number (Sirsi) u153897
041 0# - LANGUAGE CODE
Language code of text/sound track or separate title eng
100 1# - MAIN ENTRY--PERSONAL NAME
Personal name Patterson, Alan S.
245 00 - TITLE STATEMENT
Title Flight to prime assets will be extenuated as markets go into reverse
260 ## - PUBLICATION, DISTRIBUTION, ETC.
Date of publication, distribution, etc. 2011
490 #0 - SERIES STATEMENT
Series statement Sustainablebuilding inc Propertyforecast
Volume/sequential designation (56) August 2011, 12-14(3)
520 ## - SUMMARY, ETC.
Summary, etc. Assesses how property is placed as an investment medium in a period of turmoil on the world financial markets in comparison with bonds and equities. Property always finds itself torn in two directions: it has a high income yield (currently higher than equities or bonds); property faces the problem of security of income. Recognises the quoted property sector as a leading indicator for direct property. Figures cover: EU 27 - contributions to GDP growth, 10-year government bond yields, UK prime office yields, and UK quoted property companies.
590 ## - LOCAL NOTE (RLIN)
Local note KA
651 #4 - SUBJECT ADDED ENTRY--GEOGRAPHIC NAME
Geographic name Europe
690 ## - LOCAL SUBJECT ADDED ENTRY--TOPICAL TERM (OCLC, RLIN)
Topical term or geographic name as entry element PROPERTY-COMMERCIAL PROPERTY-COMMERCIAL PROPERTY FINANCE AND INVESTMENT
942 ## - ADDED ENTRY ELEMENTS (KOHA)
Suppress in OPAC 0
Holdings
Withdrawn status Lost status Source of classification or shelving scheme Damaged status Not for loan Home library Current library Shelving location Date acquired Total Checkouts Full call number Barcode Date last seen Copy number Price effective from Koha item type
    Dewey Decimal Classification     London London Journal article 19/09/2011   L153897 153897-1001 06/08/2019 1 06/08/2019 Journal article